Quizzes
Events
Quiz Creation
Community
Videos
Private Events
Remove Ads
Sign In
Join for FREE
Feedback
Dark Mode
Quiz Categories
Sports
Geography
Music
Movies
Television
Just For Fun
Miscellaneous
History
Literature
Language
Science
Gaming
Entertainment
Religion
Holiday
For Kids
Quiz Lab
Recent
Popular Today
Quiz Kudos Today
Editor Picks
Curator Picks
Quizzes by...
Day
Popularity
Type
Ratings
Length
Year
Community
Subscriptions
Recent Discussions
Orange Saloon
Badges
Playlists
Quests
Create
Leaderboards
Showdown
Live 5
Trivia Bingo
Activity
Puzzle Library
Sporcle Events
Private Events
Virtual Trivia
Globe League
Become a Host
Pub Owners
SporcleCon
Opinionation
Our Games
Videos
Blog
Mobile Apps
Partnerships
Remove Ads and Go Orange
Feedback
Gaming
Video Games
Board Games
Card Games
Pokémon
Mario
Nintendo
Minecraft
Console
Toys
Legend of Zelda
Gaming
Video Games
Board Games
Card Games
Pokémon
Mario
Nintendo
Minecraft
Console
Toys
Legend of Zelda
Random Quiz
Search Sporcle
×
Quiz Lab
Quiz Lab
Gaming
kid
Type in answers that appear in a list
Type in answers that appear in a list
Classic
Best Score? Go Orange.
Names of the Backyard Sports Kids Stats
Can you name the Names of the Backyard Sports Kids?
By
MrOld8
8m
30 Questions
157 Plays
157 Plays
157 Plays
Comments
Comments
Give Quiz Kudos
Give Quiz Kudos
-
- Ratings
hide this ad
Replay
Link that replays current quiz
Next Quiz
Link to next quiz in quiz playlist
You Got
0%
They Got
Avg Score
56%
Avg Friend Score
Upgrade to see
Score Distribution
Jump to the score distribution portion of the page
Score
0/30
Timer
08:00
0
Plays Today
Nicknames
Real Names
% Correct
Secret Weapon
Pablo Sanchez
93.6%
Wheelie
Pete Wheeler
87.2%
Axeman
Achmed Khan
78.8%
Sticks
Amir Khan
75%
K-
man
Kenny Kawaguchi
71.2%
Vec
Tony Delvecchio
66%
Funnybones
Ernie Steele
64.7%
Swan
Vicki Kawaguchi
64.1%
Suger Pop
Angela Delvecchio
62.8%
Fella
Ricky Johnson
62.8%
Nugget
Mikey Thomas
62.8%
Flash
Kiesha Phillips
62.2%
Stretch
Dante Robinson
60.3%
Paste
Dmitri Petrovich
59%
MVP
Jocinda Smith
56.4%
Nicknames
Real Names
% Correct
Little Smokey
Ashley Webber
55.8%
Little Smokey
Sidney Webber
55.1%
Bubbles
Stephanie Morgan
51.9%
Lulu
Luanne Lui
48.1%
Cootie
Marky Dubois
47.4%
Pinky
Maria Luna
43.6%
Crazy Legs
Billy Jean Blackwood
43.6%
Spud
Ronny Dobbs
43.6%
Big Toe
Reese Worthington
42.9%
Jabberjaw
Gretchen Hasselhoff
42.9%
The Boss
Sally Dobbs
42.9%
Flipper
Annie Frazier
42.3%
Twinkie Toes
Kimmy Eckman
41%
Mad Dog
Lisa Crockett
37.8%
Bonkers
Jogre Garcia
28.8%
Quiz Playlist
Details
Report
Send in Message
Add To Playlist
Classic:
Type in answers that appear in a list
Last Updated: Feb 16, 2017
Quiz Scoreboard
CHALLENGE
Sign Up to Join the Scoreboard
Show All
Scores
Hide
Comments
May contain spoilers
Recently Published
Presidents Visiting Landmarks
by Hejman
History
7m
An Introduction to Baseball
by treessimontrees
Sports
5m
Movies - When Are They Set?
by FPL_Elf
Movies
5m
More to Explore
Quiz From the Vault
Featured Blog Post
Where Did the Easter Bunny Come From?
hide this ad
You Might Also Like...
Tags
Backyard
Backyard Sports
kid
nickname
Today's Top Quizzes in Gaming
Browse Gaming
hide this ad
Today's Top Quizzes in kid
Browse kid
Top Contributed Quizzes in Gaming
1
5-to-1: Consoles
2
7-to-1: Board Game Piece Blitz
3
5-to-1: Legend of Zelda
4
Destiny 2 exotic weapons by perk icons
5
Ultimate Genshin Impact Logic Puzzle (up to 4.3)
6
Franchise by Action Figure
7
Overwatch Logic Puzzle
8
Who's on the WWE 2K24 Cover?
9
Genshin Impact Logic Puzzle Quiz
10
Windmill: Pokémon
Explore More
Trending Topics
Crossword
Anime
Disney
Harry Potter
NBA
Kpop
Marvel
WWE
Puzzle
NFL
Country
Song
Soccer
The Office
Pokémon
hide this ad
More By:
MrOld8
Quiz
Plays
Rating
Category
Featured
Created
Names of the Backyard Sports Kids
157
5.00
Gaming
Apr 30, 2010
Go to Creator's Profile
Score Distribution
Quiz Creator Spotlight
MrOld8
Follow
Send a Message
Quizzes Created
-
Created Quiz Play Count
-
More By This Creator
Popular Quizzes Today
1
Find the US States - No Outlines Minefield
2
Find the Countries of Europe - No Outlines Minefield
3
The Countries of the World
4
Find the US States
5
Popular People in 1961
6
US States
7
Risky Map Clicking: Biggest States A-Z
8
Movies - When Are They Set?
More Gaming Quizzes
Pokémon (Gen II)
Published
Trending Quizzes
Risky Map Clicking: Least Populous States A-Z
1-10 Letter G Words
1-10 Letter F Words
Risky Map Clicking: Next State Alphabetically
Risky Map Clicking: Biggest States A-Z
Recently Updated
Leaping Animals
pecheneg
Reality TV Shows (A-Z)
bhenderson79
Rickey Henderson's Hall of Fame Teammates
pecheneg
Champions League XIs: Arsenal
pecheneg
Quick Pick: Celebrities in WWE's Hall of Fame
aduchscher
A-Z Keypad Blitz II
pecheneg
Multiple Oscar Actors
pecheneg
Mystery Phrase Blitz: Oscar 'Best Actors'
pecheneg
F. Scott Fitzgerald Novels
LTH
Pick 3 Villains
ddd62291
Trending Topics
NBA
Disney
Marvel
Anime
Harry Potter
Kpop
Crossword
Puzzle
Pokémon
Song
The Office
Soccer
NFL
Country
WWE
Your Account Isn't Verified!
In order to create a playlist on Sporcle, you need to verify the email address you used during registration. Go to your
Sporcle Settings
to finish the process.
Report this User
Report this user for behavior that violates our
Community Guidelines
.
Details:
Send Report
Go to the Sporcle.com Mobile Site →
Comments